Entry Personal Name
Number of records used in: 3
001 - CONTROL NUMBER
003 - CONTROL NUMBER IDENTIFIER
005 - DATE AND TIME OF LATEST TRANSACTION
- control field:
20220120115621.0
008 - FIXED-LENGTH DATA ELEMENTS
- fixed length control field:
220120|| aca||aabn | a|a d
040 ## - CATALOGING SOURCE
- Original cataloging agency:
OSt
- Transcribing agency:
OSt
100 ## - HEADING--PERSONAL NAME
- Personal name:
CHAURASIA'S, B.D
670 ## - SOURCE DATA FOUND
- Source citation:
Work cat.: (OSt): CHAURASIA'S, B.D, HUMAN ANATOMY:regional and applied , dessection and clinical [UPPER LIMB THORAX]